[Event "Catalan-ch U10/20"]
[Site "Tarragona"]
[Date "2022.04.11"]
[Round "5"]
[White "Marcet Hauk, Aniol"]
[Black "Valle Luis, Leo"]
[Result "0-1"]
[WhiteElo "1398"]
[BlackElo "1915"]
[PlyCount "70"]
[EventDate "2022.04.09"]
[EventType "swiss"]
[EventRounds "9"]
[EventCountry "ESP"]
[SourceTitle "EXT 2023"]
[Source "ChessBase"]
[SourceDate "2022.10.05"]
[SourceVersion "1"]
[SourceVersionDate "2022.10.05"]
[SourceQuality "1"]

1. e4 c6 2. d4 d5 3. e5 c5 4. dxc5 e6 5. a3 Bxc5 6. b4 Bb6 7. Bb2 Ne7 8. Nf3 a5 9. Nbd2 Nd7 10. c4 0-0 11. Bd3 Ng6 12. Bxg6 hxg6 13. cxd5 exd5 14. 0-0 Re8 15. Re1 Nf8 16. Nb3 Be6 17. Nbd4 Rc8 18. Nb5 Bc7 19. Nfd4 Bb8 20. bxa5 Bd7 21. f4 Ne6 22. Nxe6 Bxe6 23. a4 Rc4 24. Qd2 Qd7 25. Rec1 Rec8 26. Rc3 Rxc3 27. Bxc3 Rc4 28. Bb4 Qc6 29. Bd6 Rc2 30. Qe3 d4 31. Qg3 Bd5 32. Bxb8 Rxg2+ 33. Qxg2 Bxg2 34. Nxd4 Qe4 35. Rd1 Bh3 0-1